Vaterunser - Statistiken

Allgemein
  • Dieses Quiz wurde 226 mal gespielt
  • Das Durchschnittsergebnis liegt bei 45 aus 63
Antwortstatistiken
Wörter % Korrekt
Vater
100%
unser
99%
Himmel
95%
im
95%
Geheiligt
94%
dein
93%
Dein
93%
Name.
93%
werde
93%
Reich
91%
komme.
90%
Dein
88%
geschehe,
88%
Wille
88%
wie
87%
auf
86%
Erden.
86%
Himmel,
86%
im
86%
so
85%
uns
77%
Unser
76%
Brot
75%
gib
75%
heute.
75%
tägliches
74%
Und
74%
Schuld,
70%
uns
70%
unsere
70%
vergib
70%
auch
68%
vergeben
68%
wir
68%
Schuldigern.
66%
unseren
66%
wie
66%
in
62%
nicht
62%
Und
62%
uns
62%
führe
61%
Versuchung,
61%
Amen.
60%
sondern
58%
uns
57%
Bösen.
56%
dein
56%
dem
56%
Denn
56%
erlöse
56%
ist
56%
von
56%
das
54%
die
54%
Ewigkeit.
54%
in
54%
Reich
54%
und
54%
Kraft
53%
und
53%
die
52%
Herrlichkeit
50%
Keine übereinstimmenden Quizze gefunden
Verteilung der Resultate
Anzahl Personen mit jedem Resultat
Perzentil nach korrekt beantworteten Fragen
Ihre Resultats-Entwicklung
Sie haben dieses Quiz noch nicht gespielt